| 000 | 00370nam a2200145Ia 4500 | ||
|---|---|---|---|
| 008 | 240624s9999 xx 000 0 und d | ||
| 041 | _aeng | ||
| 082 | _a658 NAB | ||
| 100 | _aNEBS MANAGEMENT | ||
| 245 | _aCOLLECTING INFORMATION | ||
| 250 | _a(3rd ed.) | ||
| 260 |
_c2002 _aOxford _bPergamon Flexible Learning |
||
| 300 | _avii, : 82 : p. : cm. ; 29 | ||
| 365 |
_cBPS _b35 |
||
| 999 |
_c7520 _d7520 |
||